000 01207nam0a2200361 4500
001 RU\NLR\bibl\304621
005 20250620150141.0
010 _a5-7024-1429-2
_955000
021 _aRU
_b2002-23183
_91161
035 _a(NLR Aleph) 000299792
090 _a1756402
_c1756402
100 _a20020904d2002 |||y0rusy50 ca
101 1 _arus
_ceng
102 _aRU
105 _ay |||||||||
200 1 _aСети для леди
_eРоман
_fЗора Слоун
_g[Пер. с англ. Д.А. Налепиной]
210 _aМ.
_cПанорама
_d2002
215 _a185,[1] с.
_d17
225 1 _aПанорама романов о любви
311 _aЛит.-худож. прил. к междунар. журн. "Панорама"
422 0 _12001#$aПанорама
_tПанорама
610 0 _aЛюбовь (х. л.)
675 _a821.111-31Слоун
_v3
_zrus
686 _a17.82
_2rugasnti
686 _a84(4Вел)-44
_2rubbk
686 _aШ6(7США)67-440.4{Лх1979-50}
700 1 _aСлоун
_bЗ.
_gЗора
_4070
801 0 _aRU
_bRKP
_c20020904
_gPSBO
801 1 _aRU
_bRKP
_c20020904
801 2 _aRU
_bNLR
_c20020919
_grcr
942 _cBOOK
980 _aNB